• 首页
  • 本馆介绍
  • 公告通知
  • 最新文献
  • 馆藏检索
  • 电子资源
  • 读者导购
  • 参考咨询
  • 我的图书馆
  • 登录
  • 详细信息显示
  • 放入我的书架
  • 预约/预借图书
  • 作者相关作品
  • 分类相关作品
  • 丛书相关作品
  • 出版社相关作品

书目信息

  • 表格格式
  • 工作单格式
  • 卡片格式
题名:
服装生产制单员岗位实训
    
 
作者: 林仁强 主编
分册:  
出版信息: 北京   高等教育出版社  2008.09
页数: 266页
开本: 26cm
丛书名:
单 册:
中图分类: TS941.6
科图分类:
主题词: 服装工艺
电子资源:
ISBN: 978-7-04-023513-5
000 00673nam0 2200205 450
001 0855067518
005 20081223093336.09
010    @a978-7-04-023513-5@dCNY28.20
100    @a20081222d2008 km y0chiy0120 ea
101 0  @achi
102    @aCN@b110000
200 1  @a服装生产制单员岗位实训@Afu zhuang sheng chan zhi dan yuan gang wei shi xun@f林仁强等主编@Flin ren qiang deng zhu bian
210    @a北京@c高等教育出版社@d2008.09
215    @a266页@d26cm@e光盘一张
300    @a中等职业教育服装类专业国家规划教材配套教学用书
606 0  @a服装工艺
690    @aTS941.6@v4
701  0 @a林仁强@Alin ren qiang@4主编
801  0 @aCN@bNISOFT@c20081223
905    @aBZT@dTS941.6@e11@f5
    
    服装生产制单员岗位实训/林仁强等主编.-北京:高等教育出版社,2008.09
    266页;26cm+光盘一张
    中等职业教育服装类专业国家规划教材配套教学用书
    
    ISBN 978-7-04-023513-5:CNY28.20
    
●
相关链接 在五车中查询图书 在当当中查询图书 在豆瓣中查询图书


正题名:服装生产制单员岗位实训     索取号:TS941.6/11         预约/预借

序号 登录号 条形码 馆藏地/架位号 状态 备注
1 0693262   2000693262   样本书库/样005架B面2层3列/ [索取号:TS941.6/11] 在馆    
2 0693263   2000693263   中心书库中库/ 中库024架B面4列2层9/ [索取号:TS941.6/11] 在馆    
3 0693264   2000693264   中心书库中库/ 中库024架B面4列7层25/ [索取号:TS941.6/11] 在馆    
4 0693265   2000693265   中心书库中库/ 中库024架B面4列2层10/ [索取号:TS941.6/11] 在馆    
5 0693266   2000693266   中心书库中库/ 中库024架B面4列2层8/ [索取号:TS941.6/11] 在馆    
山东省滨州职业学院图书馆 欢迎您!
大连网信软件有限公司© 版权所有